| 000 | 00863nam a22002535i 4500 | ||
|---|---|---|---|
| 001 | 11409 | ||
| 003 | ES-MaACL | ||
| 005 | 20250731233930.0 | ||
| 007 | t| | ||
| 008 | 921120s1992 sp ||||0| spa j | ||
| 020 | _a84-7100-566-2 | ||
| 040 |
_aM-BN _bspa _cM-BN |
||
| 080 | _a987"1810/23" | ||
| 100 | 1 |
_aArmas Chitty, José Antonio de. _922927 |
|
| 245 | 1 | 3 |
_aLa independencia de Venezuela / _cJosé Antonio de Armas Chitty. |
| 260 |
_aMadrid : _bMAPFRE, _cD.L. 1992. |
||
| 300 |
_a230 p ; _c23 cm. |
||
| 490 | 1 |
_aColección Independencia de Iberoamérica ; _v9 |
|
| 504 | _aBibliografía: p. [215]-217. Indices. | ||
| 651 | 4 |
_aVenezuela- _xHistoria- _y1810-1823, Guerra de la Independencia. _9148949 |
|
| 830 | 0 | 0 |
_aColección Independencia de Iberoamérica _v9 _9179057 |
| 852 |
_aES-MaACL _jL-18734 _bR.124064 |
||
| 999 |
_c11409 _d11409 |
||